The Luciano testament (Record no. 28541)

MARC details
000 -LEADER
fixed length control field 00290nam a2200121Ia 4500
082 ## - DEWEY DECIMAL CLASSIFICATION NUMBER
Classification number 82-3
Item number GOS
100 ## - MAIN ENTRY--AUTHOR NAME
Personal name Gosch, Martin A
245 #4 - TITLE STATEMENT
Title The Luciano testament
260 ## - PUBLICATION, DISTRIBUTION, ETC. (IMPRINT)
Place of publication London
Name of publisher Pan
Year of publication 1976
700 ## - ADDED ENTRY--PERSONAL NAME
Personal name Hammer, Richard
942 ## - ADDED ENTRY ELEMENTS (KOHA)
Koha item type Books
Holdings
Withdrawn status Lost status Damaged status Not for loan Home library Current library Date acquired Full call number Accession Number Koha item type
        RRII Library RRII Library 16/12/2021 82-3 GOS 09139 Books